[Event "Oberliga Ost-A 0809"]
[Site "Germany"]
[Date "2009.02.01"]
[Round "7.6"]
[White "Wicklein, Stefan"]
[Black "Von Hassel, Ulf"]
[Result "0-1"]
[WhiteElo "2066"]
[BlackElo "2178"]
[PlyCount "60"]
[EventDate "2008.10.12"]
[EventType "team-tourn"]
[EventRounds "11"]
[EventCountry "GER"]
[SourceTitle "EXT 2010"]
[Source "ChessBase"]
[SourceDate "2010.11.25"]
[SourceVersion "1"]
[SourceVersionDate "2010.11.25"]
[SourceQuality "1"]
[WhiteTeam "Jena Jenapharm"]
[BlackTeam "Magdeburg Rochade"]
[WhiteTeamCountry "GER"]
[BlackTeamCountry "GER"]

1. d4 d5 2. c4 e6 3. Nf3 c5 4. cxd5 exd5 5. g3 Nc6 6. Bg2 Nf6 7. 0-0 Be7 8. Nc3 0-0 9. Bg5 cxd4 10. Nxd4 h6 11. Be3 Re8 12. h3 Be6 13. Kh2 Qd7 14. Qa4 Rac8 15. Rfd1 Bd6 16. Ndb5 Bb8 17. Bf4 a6 18. Nd4 Bxf4 19. gxf4 Qd6 20. e3 Qe7 21. Nxc6 bxc6 22. Qxa6 Red8 23. Ne2 c5 24. Qa3 Ne4 25. Bxe4 dxe4 26. Rxd8+ Rxd8 27. Rg1 Qh4 28. Rg3 Bxh3 29. Ng1 Bf1+ 30. Nh3 Bxh3 0-1

[Event "Oberliga Ost-A 0809"]
[Site "Germany"]
[Date "2008.10.12"]
[Round "1.6"]
[White "Wicklein, Stefan"]
[Black "Richter, Dustin"]
[Result "1-0"]
[WhiteElo "2066"]
[BlackElo "2008"]
[PlyCount "69"]
[EventDate "2008.10.12"]
[EventType "team-tourn"]
[EventRounds "11"]
[EventCountry "GER"]
[SourceTitle "EXT 2010"]
[Source "ChessBase"]
[SourceDate "2010.11.25"]
[SourceVersion "1"]
[SourceVersionDate "2010.11.25"]
[SourceQuality "1"]
[WhiteTeam "Jena Jenapharm"]
[BlackTeam "Sangerhausen"]
[WhiteTeamCountry "GER"]
[BlackTeamCountry "GER"]

1. d4 Nf6 2. Nf3 c5 3. c3 e6 4. e3 b6 5. Nbd2 Bb7 6. Bd3 d5 7. 0-0 Be7 8. Qe2 Nc6 9. dxc5 bxc5 10. e4 0-0 11. exd5 exd5 12. Ba6 Rb8 13. Bxb7 Rxb7 14. Ne5 Nxe5 15. Qxe5 Bd6 16. Qf5 Re8 17. Nf3 Re4 18. Bg5 Rxb2 19. Rad1 Re6 20. Bxf6 Qxf6 21. Qxd5 Rb8 22. Ng5 Qh6 23. g3 Rd8 24. Nxe6 fxe6 25. Qc6 e5 26. Rd5 e4 27. Re1 Qg6 28. Rdd1 Qf6 29. Rxe4 Rf8 30. f4 h5 31. Qd5+ Kh8 32. Qxd6 Qf5 33. Re5 Qf7 34. Qd5 Qg6 35. Rxh5+ 1-0

[Event "Oberliga Ost-A 0708"]
[Site "Germany"]
[Date "2008.04.06"]
[Round "9.6"]
[White "Wicklein, Stefan"]
[Black "Haertig, Jens"]
[Result "1/2-1/2"]
[WhiteElo "2067"]
[BlackElo "2174"]
[PlyCount "59"]
[EventDate "2007.09.23"]
[EventType "team-tourn"]
[EventRounds "11"]
[EventCountry "GER"]
[SourceTitle "EXT 2009"]
[Source "ChessBase"]
[SourceDate "2008.11.26"]
[SourceVersion "1"]
[SourceVersionDate "2008.11.26"]
[SourceQuality "1"]
[WhiteTeam "Jena Jenapharm"]
[BlackTeam "Naumburg"]
[WhiteTeamCountry "GER"]
[BlackTeamCountry "GER"]

1. d4 Nf6 2. c4 g6 3. Nf3 Bg7 4. g3 0-0 5. Bg2 d6 6. Nc3 Nbd7 7. 0-0 c5 8. e4 a6 9. Re1 cxd4 10. Nxd4 Qb6 11. Nb3 Qc7 12. Nd5 Nxd5 13. cxd5 Nb6 14. Re2 Bd7 15. Rc2 Nc4 16. Bf1 b5 17. Nd2 Qb7 18. Nxc4 bxc4 19. Rxc4 a5 20. Qb3 Rab8 21. Bg5 Bb5 22. Rc2 Bxf1 23. Qxb7 Rxb7 24. Rxf1 h6 25. Bd2 a4 26. Rb1 Rfb8 27. b4 axb3 28. axb3 Rxb3 29. Rxb3 Rxb3 30. Kg2 1/2-1/2

[Event "Thueringen-ch"]
[Site "Finsterbergen"]
[Date "2008.03.23"]
[Round "9"]
[White "Wicklein, Stefan"]
[Black "Kirschbaum, Gunnar"]
[Result "1-0"]
[WhiteElo "2084"]
[BlackElo "2160"]
[PlyCount "71"]
[EventDate "2008.03.19"]
[EventType "swiss"]
[EventRounds "9"]
[EventCountry "GER"]
[SourceTitle "CBM 123 Extra"]
[Source "ChessBase"]
[SourceDate "2008.05.06"]
[SourceVersion "1"]
[SourceVersionDate "2008.05.06"]
[SourceQuality "1"]

1. d4 Nf6 2. Nf3 g6 3. c4 Bg7 4. g3 0-0 5. Bg2 d6 6. Nc3 Nbd7 7. 0-0 e5 8. e4 a6 9. h3 Rb8 10. a4 exd4 11. Nxd4 Ne5 12. Qe2 c5 13. Nf3 Nc6 14. Rd1 Qc7 15. Bf4 Ne5 16. Nxe5 dxe5 17. Bg5 Be6 18. Nd5 Bxd5 19. cxd5 Ne8 20. Be3 b5 21. Rdc1 c4 22. axb5 axb5 23. b3 Rc8 24. bxc4 bxc4 25. Ra7 Qb8 26. Rxc4 Rxc4 27. Qxc4 Nd6 28. Qa2 Rc8 29. Kh2 Nc4 30. Bc5 Nd6 31. Bxd6 Qxd6 32. Ra6 Qb4 33. Qe2 Bf8 34. Ra2 Bd6 35. Rb2 Kf8 36. Rxb4 1-0

[Event "Thueringen-ch"]
[Site "Finsterbergen"]
[Date "2008.03.22"]
[Round "6"]
[White "Mehlhorn, Uwe"]
[Black "Wicklein, Stefan"]
[Result "1/2-1/2"]
[WhiteElo "2160"]
[BlackElo "2084"]
[PlyCount "32"]
[EventDate "2008.03.19"]
[EventType "swiss"]
[EventRounds "9"]
[EventCountry "GER"]
[SourceTitle "CBM 123 Extra"]
[Source "ChessBase"]
[SourceDate "2008.05.06"]
[SourceVersion "1"]
[SourceVersionDate "2008.05.06"]
[SourceQuality "1"]

1. Nf3 d5 2. d4 c6 3. e3 Nf6 4. Bd3 e6 5. Nbd2 Nbd7 6. 0-0 Be7 7. c3 b6 8. Qe2 Bb7 9. e4 dxe4 10. Nxe4 Qc7 11. Re1 0-0 12. Neg5 Bd6 13. Ne5 Rae8 14. h4 Re7 15. h5 Rfe8 16. Bc2 Nf8 1/2-1/2

[Event "Thueringen-ch"]
[Site "Finsterbergen"]
[Date "2008.03.21"]
[Round "5"]
[White "Wicklein, Stefan"]
[Black "Messerschmidt, Nick"]
[Result "1-0"]
[WhiteElo "2084"]
[BlackElo "1907"]
[PlyCount "59"]
[EventDate "2008.03.19"]
[EventType "swiss"]
[EventRounds "9"]
[EventCountry "GER"]
[SourceTitle "CBM 123 Extra"]
[Source "ChessBase"]
[SourceDate "2008.05.06"]
[SourceVersion "1"]
[SourceVersionDate "2008.05.06"]
[SourceQuality "1"]

1. d4 d5 2. Nf3 Nf6 3. c4 e6 4. g3 c6 5. Qc2 Nbd7 6. Bg2 Bb4+ 7. Bd2 Bxd2+ 8. Nbxd2 0-0 9. 0-0 Re8 10. e4 e5 11. cxd5 cxd5 12. dxe5 dxe4 13. Nxe4 Nxe5 14. Nxe5 Rxe5 15. Rad1 Qe7 16. Nxf6+ Qxf6 17. Qc7 Bg4 18. Qxb7 Rae8 19. Rc1 Re2 20. h3 Bf5 21. g4 Bd3 22. Rc8 Ba6 23. Rxe8+ Rxe8 24. Qd7 Re2 25. Bf3 Re6 26. Rd1 Kf8 27. Qd8+ Qxd8 28. Rxd8+ Ke7 29. Ra8 Re1+ 30. Kh2 1-0

[Event "Oberliga Ost-A 0708"]
[Site "Germany"]
[Date "2007.12.09"]
[Round "5.7"]
[White "Liebert, Heinz"]
[Black "Wicklein, Stefan"]
[Result "1-0"]
[WhiteElo "2247"]
[BlackElo "2067"]
[PlyCount "99"]
[EventDate "2007.09.23"]
[EventType "team-tourn"]
[EventRounds "11"]
[EventCountry "GER"]
[SourceTitle "EXT 2009"]
[Source "ChessBase"]
[SourceDate "2008.11.26"]
[SourceVersion "1"]
[SourceVersionDate "2008.11.26"]
[SourceQuality "1"]
[WhiteTeam "Halle USV"]
[BlackTeam "Jena Jenapharm"]
[WhiteTeamCountry "GER"]
[BlackTeamCountry "GER"]

1. c4 c6 2. Nf3 d5 3. d4 e6 4. e3 Nf6 5. Nc3 Nbd7 6. Qc2 Bd6 7. Bd2 0-0 8. 0-0-0 Re8 9. e4 dxe4 10. Nxe4 Nxe4 11. Qxe4 e5 12. Bc3 Nf6 13. Qc2 e4 14. Ne5 Bf5 15. f4 Qc8 16. h3 e3 17. Bd3 Bxd3 18. Qxd3 Nh5 19. Qxe3 f6 20. g4 Nxf4 21. Qxf4 Qe6 22. Rhe1 fxe5 23. dxe5 Bc7 24. Kb1 Rf8 25. Qe4 Rf2 26. Rf1 Rxf1 27. Rxf1 Re8 28. h4 Bb8 29. h5 h6 30. b3 Bc7 31. Qf5 Bd8 32. Qxe6+ Rxe6 33. Kc2 g6 34. Kd3 gxh5 35. gxh5 Re8 36. Ke4 Bg5 37. Bb4 a5 38. Bd6 a4 39. c5 axb3 40. axb3 Ra8 41. e6 Ra3 42. Kf5 Kg7 43. e7 Bxe7 44. Bxe7 Rxb3 45. Ke6 Re3+ 46. Kd7 Rb3 47. Ke8 b6 48. Rf7+ Kg8 49. Rf8+ Kh7 50. Bf6 1-0

[Event "Oberliga Ost-A 0708"]
[Site "Germany"]
[Date "2007.11.25"]
[Round "4.7"]
[White "Schenk, Alexander"]
[Black "Wicklein, Stefan"]
[Result "1-0"]
[WhiteElo "2271"]
[BlackElo "2067"]
[PlyCount "63"]
[EventDate "2007.09.23"]
[EventType "team-tourn"]
[EventRounds "11"]
[EventCountry "GER"]
[SourceTitle "EXT 2009"]
[Source "ChessBase"]
[SourceDate "2008.11.26"]
[SourceVersion "1"]
[SourceVersionDate "2008.11.26"]
[SourceQuality "1"]
[WhiteTeam "Chemnitz"]
[BlackTeam "Jena Jenapharm"]
[WhiteTeamCountry "GER"]
[BlackTeamCountry "GER"]

1. d4 c6 2. c4 d5 3. Nc3 e6 4. Nf3 dxc4 5. a4 Bb4 6. e3 b5 7. Bd2 Bb7 8. axb5 Bxc3 9. Bxc3 cxb5 10. b3 a5 11. d5 Nf6 12. bxc4 b4 13. Bxf6 Qxf6 14. Qa4+ Ke7 15. Nd4 e5 16. Nb3 Nd7 17. Qb5 Qa6 18. Rxa5 Qxb5 19. Rxb5 Ra3 20. Rxb4 Ba6 21. c5 Nxc5 22. Nxc5 Ra1+ 23. Kd2 Rxf1 24. Rxf1 Bxf1 25. e4 Bxg2 26. Nd3 f5 27. Rb7+ Kf6 28. f4 fxe4 29. fxe5+ Kf5 30. Rf7+ Kg6 31. Rf2 e3+ 32. Kxe3 1-0

[Event "Oberliga Ost-A 0708"]
[Site "Germany"]
[Date "2007.11.03"]
[Round "2.5"]
[White "Wicklein, Stefan"]
[Black "Volfl, Zdenek"]
[Result "1/2-1/2"]
[WhiteElo "2067"]
[BlackElo "2250"]
[PlyCount "79"]
[EventDate "2007.09.23"]
[EventType "team-tourn"]
[EventRounds "11"]
[EventCountry "GER"]
[SourceTitle "EXT 2009"]
[Source "ChessBase"]
[SourceDate "2008.11.26"]
[SourceVersion "1"]
[SourceVersionDate "2008.11.26"]
[SourceQuality "1"]
[WhiteTeam "Jena Jenapharm"]
[BlackTeam "Ebersbach"]
[WhiteTeamCountry "GER"]
[BlackTeamCountry "GER"]

1. d4 Nf6 2. Nf3 e6 3. g3 d5 4. Bg2 Be7 5. 0-0 0-0 6. c4 c6 7. Qc2 Nbd7 8. Nbd2 b6 9. e4 Bb7 10. b3 Rc8 11. Rd1 c5 12. exd5 exd5 13. Bb2 dxc4 14. Nxc4 b5 15. Nce5 cxd4 16. Qe2 Nxe5 17. Qxe5 Bc5 18. Bxd4 Qb6 19. Bxc5 Rxc5 20. Qd6 Qxd6 21. Rxd6 Rfc8 22. Rad1 Kf8 23. Ne1 Bxg2 24. Kxg2 Rc1 25. f3 Ke7 26. Kf2 Rxd1 27. Rxd1 Rc5 28. Rd2 Nd5 29. Nc2 Nc3 30. Nd4 b4 31. Ne2 Nb5 32. Ke3 f5 33. Nf4 Nc3 34. Ne2 Re5+ 35. Kf2 Rxe2+ 36. Rxe2+ Nxe2 37. Kxe2 Ke6 38. Ke3 Ke5 39. f4+ Kd5 40. Kd3 1/2-1/2

[Event "Friedrichroda op 11th"]
[Site "Friedrichroda"]
[Date "2007.08.09"]
[Round "2"]
[White "Wicklein, Stefan"]
[Black "Meijers, Viesturs"]
[Result "0-1"]
[WhiteElo "2057"]
[BlackElo "2485"]
[PlyCount "56"]
[EventDate "2007.08.08"]
[EventType "swiss"]
[EventRounds "7"]
[EventCountry "GER"]
[SourceTitle "CBM 120 Extra"]
[Source "ChessBase"]
[SourceDate "2007.11.01"]
[SourceVersion "1"]
[SourceVersionDate "2007.11.01"]
[SourceQuality "1"]

1. d4 Nf6 2. Nf3 e6 3. g3 b6 4. Bg2 Bb7 5. 0-0 Be7 6. c4 d6 7. Nc3 Nbd7 8. Qc2 c5 9. Rd1 cxd4 10. Nxd4 Bxg2 11. Kxg2 Qc7 12. Ncb5 Qb7+ 13. Nf3 Qc6 14. Bg5 0-0 15. Rac1 a6 16. Nbd4 Qb7 17. b3 h6 18. Bd2 Rac8 19. Qb2 Rc7 20. Kg1 Rfc8 21. Bb4 Nc5 22. Nd2 d5 23. Bc3 dxc4 24. Nxc4 Na4 25. Qb1 Nxc3 26. Rxc3 Nd5 27. Rcd3 b5 28. Ne3 Nc3 0-1

[Event "Friedrichroda op 11th"]
[Site "Friedrichroda"]
[Date "2007.08.09"]
[Round "3"]
[White "Zimmer, Frank"]
[Black "Wicklein, Stefan"]
[Result "0-1"]
[WhiteElo "1842"]
[BlackElo "2057"]
[PlyCount "80"]
[EventDate "2007.08.08"]
[EventType "swiss"]
[EventRounds "7"]
[EventCountry "GER"]
[SourceTitle "CBM 120 Extra"]
[Source "ChessBase"]
[SourceDate "2007.11.01"]
[SourceVersion "1"]
[SourceVersionDate "2007.11.01"]
[SourceQuality "1"]

1. e4 c6 2. d4 d5 3. Nd2 dxe4 4. Nxe4 Bf5 5. Ng3 Bg6 6. h4 h6 7. h5 Bh7 8. Bc4 Qc7 9. N1e2 e6 10. Bf4 Bd6 11. Bxd6 Qxd6 12. c3 Nf6 13. Bd3 Bxd3 14. Qxd3 Nbd7 15. Ne4 Nxe4 16. Qxe4 Nf6 17. Qf3 Qd5 18. Qxd5 cxd5 19. f3 Kd7 20. Nf4 Kd6 21. Nd3 Nd7 22. Rh4 Rhg8 23. Kf2 b5 24. Re1 a5 25. a3 Rab8 26. Ra1 Rb7 27. Ke3 Nb6 28. b3 Nd7 29. Rh2 Rc8 30. Kd2 f6 31. Rhh1 Rbc7 32. Rac1 a4 33. b4 Nb6 34. Nb2 e5 35. Kd3 e4+ 36. fxe4 dxe4+ 37. Kxe4 Rxc3 38. Rxc3 Rxc3 39. Ra1 Rg3 40. Nd3 f5+ 0-1

[Event "Jena Schwarzer Baer op"]
[Site "Jena"]
[Date "2007.02.06"]
[Round "6"]
[White "Wicklein, Stefan"]
[Black "Thinius, Marco"]
[Result "1-0"]
[WhiteElo "2010"]
[BlackElo "2365"]
[PlyCount "69"]
[EventDate "2007.02.03"]
[EventType "swiss"]
[EventRounds "7"]
[EventCountry "GER"]
[SourceTitle "EXT 2008"]
[Source "ChessBase"]
[SourceDate "2007.11.25"]
[SourceVersion "1"]
[SourceVersionDate "2007.11.25"]
[SourceQuality "1"]

1. d4 Nf6 2. c4 e6 3. g3 Bb4+ 4. Bd2 a5 5. Bg2 d6 6. Nc3 Nbd7 7. e4 e5 8. a3 Bxc3 9. Bxc3 a4 10. dxe5 dxe5 11. Bb4 c5 12. Bc3 Qc7 13. b3 axb3 14. Qxb3 0-0 15. a4 Nb8 16. Ne2 Nc6 17. 0-0 Nd4 18. Nxd4 cxd4 19. Bb4 Re8 20. c5 Be6 21. Qa3 Nd7 22. Rfc1 Nb8 23. c6 Nxc6 24. Bd6 Qd7 25. f4 f6 26. Bf1 Red8 27. fxe5 Nxe5 28. Bxe5 fxe5 29. Qc5 d3 30. Rd1 d2 31. Bc4 Qf7 32. Bxe6 Qxe6 33. Qe3 Qd7 34. Ra2 Rxa4 35. Qb3+ 1-0

[Event "Jena Schwarzer Baer op"]
[Site "Jena"]
[Date "2007.02.06"]
[Round "7"]
[White "Wicklein, Stefan"]
[Black "Vigus, James"]
[Result "0-1"]
[WhiteElo "2010"]
[BlackElo "2311"]
[PlyCount "68"]
[EventDate "2007.02.03"]
[EventType "swiss"]
[EventRounds "7"]
[EventCountry "GER"]
[SourceTitle "EXT 2008"]
[Source "ChessBase"]
[SourceDate "2007.11.25"]
[SourceVersion "1"]
[SourceVersionDate "2007.11.25"]
[SourceQuality "1"]

1. Nf3 d5 2. d4 Nf6 3. c4 e6 4. g3 Bb4+ 5. Bd2 Be7 6. Bg2 c6 7. Qc2 0-0 8. 0-0 Nbd7 9. Rd1 Ne4 10. Ne1 f5 11. Nd3 Ndf6 12. Bb4 Bxb4 13. Nxb4 Ng4 14. Nd3 Qf6 15. e3 Nexf2 16. Nxf2 Nxe3 17. Qc3 Nxd1 18. Nxd1 Bd7 19. Nd2 Rac8 20. c5 g5 21. Nf3 f4 22. Ne5 Be8 23. gxf4 gxf4 24. Qh3 Rc7 25. Bf3 Rg7+ 26. Kf2 Bg6 27. Bg4 Be4 28. Nc3 Kh8 29. Bxe6 Rg2+ 30. Kf1 f3 31. Nxe4 dxe4 32. Nf7+ Rxf7 33. Bxf7 Qxf7 34. b3 e3 0-1

[Event "Thueringen-ch"]
[Site "Jena"]
[Date "2006.04.14"]
[Round "4"]
[White "Wicklein, Stefan"]
[Black "Sieber, Stephan"]
[Result "1/2-1/2"]
[WhiteElo "2009"]
[BlackElo "2194"]
[PlyCount "52"]
[EventDate "2006.04.12"]
[EventType "swiss"]
[EventRounds "9"]
[EventCountry "GER"]
[SourceTitle "EXT 2007"]
[Source "ChessBase"]
[SourceDate "2006.11.23"]
[SourceVersion "1"]
[SourceVersionDate "2006.11.23"]
[SourceQuality "1"]

1. e4 c5 2. Nc3 Nc6 3. g3 g6 4. Bg2 Bg7 5. d3 e6 6. Be3 Nd4 7. Qd2 Ne7 8. Nge2 d5 9. exd5 exd5 10. Nf4 Be6 11. Bxd4 cxd4 12. Nxe6 fxe6 13. Ne2 0-0 14. 0-0 Rc8 15. c4 dxc4 16. dxc4 Rxc4 17. Nf4 Qc8 18. Nxe6 Qxe6 19. Rae1 Qd6 20. Rxe7 Qxe7 21. Bd5+ Kh8 22. Bxc4 Qc5 23. Rc1 b5 24. Bd3 Qd5 25. b3 a6 26. Qe2 Qd7 1/2-1/2

[Event "Thueringen-ch"]
[Site "Jena"]
[Date "2006.04.13"]
[Round "3"]
[White "Skibbe, Willi"]
[Black "Wicklein, Stefan"]
[Result "1/2-1/2"]
[WhiteElo "1950"]
[BlackElo "2009"]
[PlyCount "39"]
[EventDate "2006.04.12"]
[EventType "swiss"]
[EventRounds "9"]
[EventCountry "GER"]
[SourceTitle "EXT 2007"]
[Source "ChessBase"]
[SourceDate "2006.11.23"]
[SourceVersion "1"]
[SourceVersionDate "2006.11.23"]
[SourceQuality "1"]

1. e4 e6 2. d4 d5 3. Nc3 dxe4 4. Nxe4 Bd7 5. Nf3 Bc6 6. Ng3 Nd7 7. Bd3 Ngf6 8. 0-0 Be7 9. Ne5 Nxe5 10. dxe5 Qd5 11. f3 Qxe5 12. Re1 Qa5 13. c3 0-0-0 14. Qe2 Qd5 15. Bc4 Bc5+ 16. Kh1 Qd7 17. b4 Be7 18. Be3 Kb8 19. Bd4 Bd5 20. Bb5 1/2-1/2

[Event "Schwarzburg op"]
[Site "Schwarzburg"]
[Date "2005.09.10"]
[Round "6"]
[White "Schork, Stefan"]
[Black "Wicklein, Stefan"]
[Result "0-1"]
[WhiteElo "2196"]
[BlackElo "1969"]
[PlyCount "110"]
[EventDate "2005.09.07"]
[EventType "swiss"]
[EventRounds "7"]
[EventCountry "GER"]
[SourceTitle "CBM 108 Extra"]
[Source "ChessBase"]
[SourceDate "2005.11.04"]
[SourceVersion "1"]
[SourceVersionDate "2005.11.04"]
[SourceQuality "1"]

1. d4 Nf6 2. c4 e6 3. Nf3 d5 4. Nc3 c5 5. cxd5 Nxd5 6. e4 Nxc3 7. bxc3 cxd4 8. cxd4 Bb4+ 9. Bd2 Qa5 10. Rb1 Bxd2+ 11. Nxd2 0-0 12. Bd3 Nc6 13. 0-0 Nxd4 14. Nc4 Qc5 15. Qd2 e5 16. Rfc1 Qe7 17. Qa5 Qg5 18. Kh1 Nc6 19. Qb5 Rd8 20. Ne3 Nd4 21. Qb4 Nc6 22. Qa3 Qe7 23. Qxe7 Nxe7 24. Rc7 Rxd3 25. Rxe7 Kf8 26. Rxe5 b6 27. Rd5 Ba6 28. Rc1 Rxd5 29. Nxd5 Rc8 30. Rxc8+ Bxc8 31. f4 Be6 32. Nc3 Ke7 33. Kg1 Kd6 34. Kf2 Kc5 35. f5 Bc4 36. Ke3 f6 37. g4 b5 38. a3 a5 39. e5 fxe5 40. Ke4 Kd6 41. g5 b4 42. axb4 axb4 43. Nd1 Bd5+ 44. Kd3 Kc5 45. h4 e4+ 46. Ke3 Kc4 47. h5 b3 48. f6 gxf6 49. gxf6 h6 50. Kd2 Kd4 51. Ne3 Bf7 52. Nf5+ Kd5 53. Kc3 Ke6 54. Nxh6 e3 55. Ng4 e2 0-1

[Event "Schwarzburg op"]
[Site "Schwarzburg"]
[Date "2005.09.09"]
[Round "4"]
[White "Wicklein, Stefan"]
[Black "Knechtel, Roland"]
[Result "0-1"]
[WhiteElo "1969"]
[BlackElo "2310"]
[PlyCount "114"]
[EventDate "2005.09.07"]
[EventType "swiss"]
[EventRounds "7"]
[EventCountry "GER"]
[SourceTitle "CBM 108 Extra"]
[Source "ChessBase"]
[SourceDate "2005.11.04"]
[SourceVersion "1"]
[SourceVersionDate "2005.11.04"]
[SourceQuality "1"]

1. d4 g6 2. Nf3 Bg7 3. g3 d6 4. Bg2 c5 5. 0-0 cxd4 6. Nxd4 Qb6 7. c3 Nc6 8. Nb3 Nf6 9. N1d2 0-0 10. h3 d5 11. Nf3 e5 12. Be3 Qc7 13. Qd2 Rd8 14. Bh6 Bh8 15. Rfd1 Ne4 16. Qe1 Be6 17. Ng5 Nxg5 18. Bxg5 f6 19. Be3 b6 20. Kh2 Rac8 21. Rd2 Ne7 22. f3 Bg7 23. Rad1 h5 24. h4 Kf7 25. Bh3 Nf5 26. Qg1 Rg8 27. f4 Bh6 28. Bxf5 gxf5 29. fxe5 Bxe3 30. Qxe3 Qxe5 31. Qf3 Rg4 32. Rd4 Rg6 33. R1d3 Rcg8 34. Re3 Rxg3 35. Qxh5+ Ke7 36. Rxe5 Rg2+ 37. Kh1 Rg1+ 38. Kh2 R8g2+ 39. Kh3 fxe5 40. Rf4 exf4 41. Nd4 f3 42. Qxf3 f4+ 43. Nxe6 Rg3+ 44. Kh2 Rxf3 45. exf3 Rb1 46. Nxf4 Rxb2+ 47. Kg3 Rxa2 48. Nxd5+ Ke6 49. c4 Rc2 50. Ne3 Rc3 51. Kf4 a5 52. h5 a4 53. h6 Kf7 54. h7 Kg7 55. h8B+ Kxh8 56. Ke4 a3 57. Kd4 Rxe3 0-1

[Event "Schwarzburg op"]
[Site "Schwarzburg"]
[Date "2005.09.07"]
[Round "1"]
[White "Wicklein, Stefan"]
[Black "Rupp, Markus"]
[Result "1/2-1/2"]
[WhiteElo "1969"]
[BlackElo "2244"]
[PlyCount "27"]
[EventDate "2005.09.07"]
[EventType "swiss"]
[EventRounds "7"]
[EventCountry "GER"]
[SourceTitle "CBM 108 Extra"]
[Source "ChessBase"]
[SourceDate "2005.11.04"]
[SourceVersion "1"]
[SourceVersionDate "2005.11.04"]
[SourceQuality "1"]

1. d4 Nf6 2. c4 Nc6 3. Nf3 e6 4. g3 d5 5. Bg2 dxc4 6. 0-0 Rb8 7. a4 e5 8. dxe5 Qxd1 9. Rxd1 Ng4 10. Bf4 Bc5 11. e3 h6 12. h3 g5 13. hxg4 gxf4 14. exf4 1/2-1/2

[Event "Muehlhausen op"]
[Site "Muehlhausen"]
[Date "2005.05.05"]
[Round "2"]
[White "Wicklein, Stefan"]
[Black "Welke, Klaus"]
[Result "1/2-1/2"]
[WhiteElo "1969"]
[BlackElo "2164"]
[PlyCount "75"]
[EventDate "2005.05.04"]
[EventType "swiss"]
[EventRounds "7"]
[EventCountry "GER"]
[SourceTitle "EXT 2006"]
[Source "ChessBase"]
[SourceDate "2005.11.24"]
[SourceVersion "1"]
[SourceVersionDate "2005.11.24"]
[SourceQuality "1"]

1. d4 d5 2. c4 e6 3. Nc3 c6 4. e3 Nf6 5. Nf3 Bd6 6. Bd3 Nbd7 7. 0-0 0-0 8. e4 dxe4 9. Nxe4 Nxe4 10. Bxe4 h6 11. Be3 Nf6 12. Bc2 Qc7 13. Qd2 Nh7 14. c5 Be7 15. Bf4 Qd8 16. Qd3 f5 17. Rae1 Nf6 18. Be5 Nd5 19. Nd2 b6 20. Qg3 Rf7 21. cxb6 axb6 22. a3 Bf6 23. Rc1 Ba6 24. Rfe1 Bg5 25. Rcd1 Rc8 26. Nf3 Bf6 27. Bb3 Bxe5 28. Nxe5 Rf6 29. Rc1 Bb7 30. f4 Qd6 31. Rc2 Rff8 32. Qf2 Nf6 33. Ng6 Rfe8 34. Rce2 Ne4 35. Rxe4 fxe4 36. f5 Kh7 37. Ne5 Rcd8 38. Nf7 1/2-1/2

[Event "Hoeckendorf op"]
[Site "Hoeckendorf"]
[Date "2004.02.02"]
[Round "4"]
[White "Seidel, Thomas"]
[Black "Wicklein, Stefan"]
[Result "1/2-1/2"]
[WhiteElo "1936"]
[BlackElo "1975"]
[PlyCount "25"]
[EventDate "2004.01.30"]
[EventType "swiss"]
[EventRounds "9"]
[EventCountry "GER"]
[SourceTitle "EXT 2008"]
[Source "ChessBase"]
[SourceDate "2007.11.25"]
[SourceVersion "1"]
[SourceVersionDate "2007.11.25"]
[SourceQuality "1"]

1. e4 e5 2. Nf3 Nf6 3. Nxe5 d6 4. Nf3 Nxe4 5. d4 d5 6. Be2 Nc6 7. Be3 Be7 8. Nbd2 Nxd2 9. Qxd2 Bg4 10. h3 Bh5 11. 0-0-0 Qd7 12. Ne5 Nxe5 13. dxe5 1/2-1/2